Building services and equipment (Record no. 78944)
[ view plain ]
| 000 -LEADER | |
|---|---|
| fixed length control field | 01566nam a2200229 a 4500 |
| 008 - FIXED-LENGTH DATA ELEMENTS--GENERAL INFORMATION | |
| fixed length control field | 120416s1980 ||||||||||||||||| || u |
| 020 ## - INTERNATIONAL STANDARD BOOK NUMBER | |
| International Standard Book Number | 0582411793 |
| 050 ## - LIBRARY OF CONGRESS CALL NUMBER | |
| Classification number | TH 6025 Hal |
| 100 ## - MAIN ENTRY--PERSONAL NAME | |
| Personal name | Hall, Fred |
| 245 10 - TITLE STATEMENT | |
| Title | Building services and equipment |
| 260 ## - PUBLICATION, DISTRIBUTION, ETC. | |
| Place of publication, distribution, etc. | London |
| Name of publisher, distributor, etc. | Longman |
| Date of publication, distribution, etc. | 1980 |
| 300 ## - PHYSICAL DESCRIPTION | |
| Extent | 3v. : ill. |
| 350 ## - | |
| -- | 0.00 |
| 650 ## - SUBJECT ADDED ENTRY--TOPICAL TERM | |
| Topical term or geographic name entry element | BUILDINGS--MECHANICAL EQUIPMENT |
| 995 ## - | |
| -- | MAIN LIBRARY OPEN ACCESS |
| -- | 0.00 |
| -- | 731287 |
| -- | CBU-MAIN LIBRARY (Kitwe) |
| -- | 4 |
| -- | 8.50 |
| -- | TH 6025 Hal |
| -- | 6 |
| -- | AVAILABLE |
| -- | Jul 6, 2006 |
| -- | 028918 |
| -- | Main Library Open Access Collection |
| 995 ## - | |
| -- | BINDERY (DAMAGED) |
| -- | 0.00 |
| -- | 707330 |
| -- | CBU-MAIN LIBRARY (Kitwe) |
| -- | 2 |
| -- | 8.50 |
| -- | TH 6025 Hal |
| -- | 3 |
| -- | DAMAGED |
| -- | Mar 16, 2007 |
| -- | 016309 |
| -- | Main Library Open Access Collection |
| 995 ## - | |
| -- | BINDERY (DAMAGED) |
| -- | 0.00 |
| -- | 707331 |
| -- | CBU-MAIN LIBRARY (Kitwe) |
| -- | 5 |
| -- | 8.50 |
| -- | TH 6025 Hal |
| -- | 5 |
| -- | DAMAGED |
| -- | Mar 16, 2007 |
| -- | 016311 |
| -- | Main Library Open Access Collection |
| 995 ## - | |
| -- | MAIN LIBRARY OPEN ACCESS |
| -- | 0.00 |
| -- | 731289 |
| -- | CBU-MAIN LIBRARY (Kitwe) |
| -- | 7 |
| -- | 8.50 |
| -- | TH 6025 Hal |
| -- | 7 |
| -- | AVAILABLE |
| -- | Mar 16, 2007 |
| -- | 028916 |
| -- | Main Library Open Access Collection |
| 995 ## - | |
| -- | BINDERY (DAMAGED) |
| -- | 0.00 |
| -- | 707329 |
| -- | CBU-MAIN LIBRARY (Kitwe) |
| -- | 3 |
| -- | 8.50 |
| -- | TH 6025 Hal |
| -- | 2 |
| -- | DAMAGED |
| -- | Mar 16, 2007 |
| -- | 016308 |
| -- | Main Library Open Access Collection |
| 995 ## - | |
| -- | ANNEX COLLECTION (Main Library) |
| -- | 0.00 |
| -- | 707328 |
| -- | CBU-MAIN LIBRARY (Kitwe) |
| -- | 6 |
| -- | 8.50 |
| -- | TH 6025 Hal |
| -- | 1 |
| -- | AVAILABLE |
| -- | Mar 16, 2007 |
| -- | 016307 |
| -- | Annex Low-Usage Collection |
| 995 ## - | |
| -- | BINDERY (DAMAGED) |
| -- | 0.00 |
| -- | 707332 |
| -- | CBU-MAIN LIBRARY (Kitwe) |
| -- | 1 |
| -- | 8.50 |
| -- | TH 6025 Hal |
| -- | 4 |
| -- | DAMAGED |
| -- | Mar 16, 2007 |
| -- | 016310 |
| -- | Main Library Open Access Collection |
| 999 ## - | |
| -- | 78944 |
| -- | 78944 |
No items available.